Imágenes de los naturales en el arte de la Nueva España siglos XVI al XVIII

Detalles Bibliográficos
Formato: Libro
Lenguaje:Spanish
Publicado: México : Grupo Financiero Banamex. Fomento Cultural Banamex, 2005.
Materias:
Colección:Banco de datos
Acervo:Universidad Autónoma Benito Juárez de Oaxaca. Biblioteca Francisco de Burgoa. Colección moderna
Descripción Física:564 p. : il. ; 31 cm.
Tema general:Artes
Historia de México
Notas:Portada tipográfica. Texto a dos columnas con paginación en números arábigos, notas a pie de página y cornisas. Incluye fotografías. Encuadernación en cartón con camisa en papel. Testigo: documento oficial de la Biblioteca Francisco de Burgoa, p. 126
LEADER 01052nam a22001810004500
035 |a 1104 
041 0 |a spa 
245 1 0 |a Imágenes de los naturales en el arte de la Nueva España siglos XVI al XVIII 
260 |a México : Grupo Financiero Banamex. Fomento Cultural Banamex, 2005. 
300 |a 564 p. : il. ; 31 cm.  
500 |a Portada tipográfica. Texto a dos columnas con paginación en números arábigos, notas a pie de página y cornisas. Incluye fotografías. Encuadernación en cartón con camisa en papel. Testigo: documento oficial de la Biblioteca Francisco de Burgoa, p. 126 
504 |a Al final de la obra está la lista de ilustraciones y lista de las imágenes de los naturales en el arte de la Nueva España 
650 1 0 |a Artes 
650 1 0 |a Historia de México 
852 |a Universidad Autónoma "Benito Juárez" de Oaxaca, Biblioteca Francisco de Burgoa, Colección moderna 21703 
942 |c BURMOD 
943 |g Universidad Autónoma Benito Juárez de Oaxaca. Biblioteca Francisco de Burgoa. Colección moderna 
999 |c 1125547  |d 1125547